ADULT EDUCATION ISSUE PROBLEMS AND PROSPECTS (Record no. 33475)

MARC details
000 -LEADER
fixed length control field 00305nam a22001337a 4500
003 - CONTROL NUMBER IDENTIFIER
control field SGT
020 ## - INTERNATIONAL STANDARD BOOK NUMBER
International Standard Book Number 817132133
082 ## - DEWEY DECIMAL CLASSIFICATION NUMBER
Classification number 374,VAS
100 ## - MAIN ENTRY--PERSONAL NAME
Personal name VASHIST, S.R.
245 ## - TITLE STATEMENT
Title ADULT EDUCATION ISSUE PROBLEMS AND PROSPECTS
260 ## - PUBLICATION, DISTRIBUTION, ETC. (IMPRINT)
Place of publication, distribution, etc JAIPUR
Name of publisher, distributor, etc POINTER PUBLISHAR
Year of Publication 1997
300 ## - PAGE DESCRIPTION
No. of Pages 260
942 ## - ADDED ENTRY ELEMENTS (KOHA)
Source of classification or shelving scheme Dewey Decimal Classification
Koha item type Books
Holdings
Withdrawn status Lost status Source of classification or shelving scheme Damaged status Use restrictions Not for loan Collection code Home library Current library Shelving location Date acquired Vendor Name Cost, normal purchase price SGTU Bill Number Full call number Accession No. (Barcode) Date last seen Bill Date Koha item type Total Checkouts
    Dewey Decimal Classification   Restricted Access Not For Loan EDUCATION SGT Engineering Library SGT Engineering Library Reference Book 22/01/2026 BRIJWASI BOOK DISTRIBUTORS 525.00 SGTU IN/BW/000365 374,VAS ED5442 22/01/2026 20/12/2025 Books  
    Dewey Decimal Classification       EDUCATION SGT Engineering Library SGT Engineering Library Text Book 22/01/2026 BRIJWASI BOOK DISTRIBUTORS 525.00 SGTU IN/BW/000365 374,VAS ED5443 22/01/2026 20/12/2025 Books